A Critical Analysis of the Shortcomings Related to Genocide Trials

Bibliographic Details
Main Author: Rodgers, Manana
Format: eBook
Language:English
Published: Londres: Scholars' Press, 2019
Subjects:
Online Access:Acceso restringido

MARC

LEADER 00000nam a22000007a 4500
005 20190919220259.0
007 cr|||| ||||
008 190919s2019 uk |||||s|||| 00||0 eng d
020 |a 9786138829508 
035 |a 29366 
040 |a vLex 
090 |c 9591  |d 9591 
100 1 |a Rodgers, Manana 
245 1 0 |a A Critical Analysis of the Shortcomings Related to Genocide Trials  |h [Recurso electrn̤ico] /  |c Manana Rodgers 
256 |a Servicio en ln̕ea 
260 |a Londres:  |b Scholars' Press,  |c 2019 
300 |a 1 recurso electrn̤ico 
500 |a This book investigates the legal shortcomings experienced by the ad hoc tribunals created in Rwanda and the former Yugoslavia, with regard to genocide trials. International Criminal Law has experienced phenomenal growth in the past decade owing to international crises witnessed in these two countries. The impetus provided by the two crises led to the formation of ad hoc tribunals to prosecute mass violations of human rights in Rwanda and the former Yugoslavia. 
506 1 |a Disponible solo en los productos indicados  |d vLex Global  |d vLex Global (Academic Edition, excluding Law Schools)  |d vLex Global (U.S. Academic Edition, Law Schools)  |d vLex Global (U.S. Academic Edition, excluding Law Schools)  |d vLex Global (Academic Edition, Law Schools) 
650 0 4 |a Derecho Pb︢lico y Administrativo  |z Inglaterra 
740 0 |a vLex Libros (Servicio en ln̕ea) 
856 4 0 |u http://vlex.com/source/29366  |z Acceso restringido 
942 |c BOOK 
999 0 |a Public and Administrative Law